000 00377nam a2200133Ia 4500
005 20260328101521.0
008 260328s9999||||xx |||||||||||||| ||und||
100 _aMonteiro, Bruno
245 0 _aNuestra Casa :
_b Sugerencias para la Construcción de su hogar /
_cBruno Monteiro
260 _bGustavo Gili
300 _a197 p.
650 _aARQUITECTURA RESIDENCIAL
942 _cBK
999 _c9613
_d9613